00849cam a22002531 4500001001300000003000400013005001700017008004100034010001700075035002000092040002500112042001200137043001200149050002800161110003000189245010300219260005800322300002000380500001700400500005600417650005800473710004700531999001700578sa 67006859 DLC20260227112411.0880209s1965 pk 000 0 eng  asa 67006859  a(OCoLC)19446787 aDLCcMnU-LdCLUdDLC apremarc aa-pk---00aKPL961.A311925bA4 19651 aWest Pakistan (Pakistan).14aThe co-operative societies act, 1925 :bSind act VII of 1925 /cas corrected up to 31st July 1965. aLahore (India) :bSuperintendent Govt. Print.,c1965. a46 p. ;c25 cm. aCover title. aAt head of title: Govt. of West Pakistan. Law Dept. 0aCooperative societiesxLaw and legislationzPakistan.1 aWest Pakistan (Pakistan).bLaw Department. c76205d76205